Vista normal Vista MARC

Entrada Personal Name

Número de registros utilizados en: 2

001 - CONTROL NUMBER

  • control field: 2224

003 - CONTROL NUMBER IDENTIFIER

  • control field: OSt

005 - DATE AND TIME OF LATEST TRANSACTION

  • control field: 20230519161159.0

008 - FIXED-LENGTH DATA ELEMENTS

  • fixed length control field: 230519|| aca||aabn | a|a d

040 ## - CATALOGING SOURCE

  • Original cataloging agency: OSt
  • Transcribing agency: OSt

100 ## - HEADING--PERSONAL NAME

  • Personal name: Collazos, Óscar
  • Dates associated with a name: 1942-
  • General subdivision: Crítica e interpretación

670 ## - SOURCE DATA FOUND

  • Source citation: Work cat.: (OSt)0: Collazos, Óscar 1942- 2223, Cuentos escogidos









Instituto Departamental de Cultura del Meta - Red Departamental de Bibliotecas Públicas del Meta.